Countries from Chinese Pinyin 2 - Statistics

General Stats
  • This quiz has been taken 676 times
  • The average score is 13 of 20
Answer Stats
Pinyin Continent Country % Correct
tai-guo Asia Thailand
84%
wa-nu-a-tu Oceania Vanuatu
81%
e-luo-si Europe Russia
79%
jin-ba-bu-wei Africa Zimbabwe
78%
ya-mai-jia Americas Jamaica
77%
ni-ri-li-ya Africa Nigeria
77%
jia-na Africa Ghana
74%
xin-xi-lan Oceania New Zealand
74%
xin-jia-po Asia Singapore
73%
a-er-ji-li-ya Africa Algeria
71%
bi-li-shi Europe Belgium
60%
ni-bo-er Asia Nepal
58%
mian-dian Asia Myanmar
55%
yi-se-lie Asia Israel
53%
bi-lu Americas Peru
52%
mao-li-qiu-si Africa Mauritius
50%
rui-dian Europe Sweden
50%
rui-shi Europe Switzerland
50%
ge-si-da-li-jia Americas Costa Rica
39%
ai-sha-ni-ya Europe Estonia
38%
No matching quizzes found
Score Distribution
Percent of People with Each Score
Percentile by Number Answered
Your Score History
You have not taken this quiz